| 000 | 01654nam0a2200385 4500 | ||
|---|---|---|---|
| 001 | RU\NLR\bibl\1153470 | ||
| 005 | 20260407083545.0 | ||
| 010 |
_a978-5-7670-1397-5 _92000 |
||
| 021 |
_aRU _b2007-60308 _93221 |
||
| 035 | _a(NLR Aleph) 001140255 | ||
| 090 |
_a1413164 _c1413164 |
||
| 100 | _a20071113d2007 |||y0rusy50 ca | ||
| 101 | 0 | _achv | |
| 102 | _aRU | ||
| 105 | _ay ||||||||| | ||
| 200 | 1 |
_aПословицы и поговорки _dВаттисен сǎмахěсем _f[Чуваш. гос. ин-т гуманит. наук] _gсост.: О.Н. Терентьева] _zchv |
|
| 210 |
_aЧебоксары _cЧувашское книжное изд-во _d2007 |
||
| 215 |
_a493 с. _d25 |
||
| 225 | 1 | _aЧувашское народное творчество | |
| 300 | _aЗагл. обл. на чуваш. яз.: Ваттисен сǎмахěсем | ||
| 300 | _aРез. на англ. яз. | ||
| 300 | _aТекст на чуваш. яз. | ||
| 320 | _aБиблиогр.: с. 478-485 (148 назв.) | ||
| 512 | 1 | _aВаттисен сǎмахěсем | |
| 606 | 1 |
_aПословицы и поговорки чувашские _92197150 _3RU\NLR\auth\661320467 |
|
| 686 | _aШ3(235=Чув)-651.0 | ||
| 702 | 1 |
_aТерентьева _bО. Н. _gОльга Николаевна _4220 |
|
| 712 | 0 | 2 |
_4570 _aЧувашский государственный институт гуманитарных наук _cЧебоксары _9293940 _3RU\NLR\AUTH\8810668 |
| 801 | 0 |
_aRU _bNLR _c20071113 _gRCR |
|
| 801 | 1 |
_aRU _bNLR _c20071113 |
|
| 852 |
_aNLR _bОНЛ _jЧув./4-427 |
||
| 942 | _cBOOK | ||
| 980 | _aNB | ||